00345nam a2200121Ia 4500008004100000082001600041100001400057245003800071260003200109365000600141630003800147730003800185100415s9999 xx 000 0 und d b64a574(60) aSmith AD aThrough unknown African countries aLONDONc1897bEDWARD ARNOLD b0 aThrough unknown African countries aThrough unknown African countries